Estudio y comprensión de la sociedad 7º, Séptimo Año Básico: texto para el estudiante

Saved in:
Bibliografiske detaljer
Main Authors: Valdez Ocampo, Laura (Author), Garrido Dell, Eleonora (Author)
Format: Bog
Sprog:spansk
Udgivet: Santiago Norma 2005
Udgivelse:1a. ed
Fag:
Tags: Tilføj Tag
Ingen Tags, Vær først til at tagge denne postø!

MARC

LEADER 00000nam a2200000 a 4500
001 UCJ0220
003 CL-VaPUC
008 060707e20050000CL |||||||||||||||||spa|d
020 |a 9563000544 
082 0 4 |a 372.83  |b VAL  |2 21 
100 0 |a Valdez Ocampo, Laura  |e author  |9 500314 
700 0 |a Garrido Dell, Eleonora  |e author  |9 500315 
245 1 0 |a Estudio y comprensión de la sociedad 7º, Séptimo Año Básico: texto para el estudiante 
250 |a 1a. ed 
300 |a 190 p 
942 |c BK 
945 |d 20060707 00:00:00  |a jtorresc 
260 |a Santiago  |b Norma  |c 2005 
650 0 |a Educación básica   |9 224933 
650 0 |a Enseñanza de la historia   |9 307330 
650 0 |a Enseñanza de la geografía  |9 310005 
650 0 |a Libros de texto  |9 270019 
650 0 |a Métodos de enseñanza  |9 270413 
583 |a last modification  |c 20180314 11:23:31  |k Rodrigo Vera 
999 |c 317146  |d 317144 
952 |0 0  |1 0  |4 0  |6 372_830000000000000_VAL_2005  |7 0  |8 A  |9 393017  |a BIBEDU  |b BIBEDU  |d 2019-11-22  |i 4462386  |o 372.83 VAL 2005  |p 4462386  |r 2019-11-22  |w 2019-11-22  |y BK  |k EDU